000 01195nam a2200265 a 4500
001 000028198
005 20260420111101.0
008 110407s2011 dr 000 0 spa d
020 _z9993445701
040 _aDO-SdBNP
_bspa
_cBNPHU
082 _a310
_bC987e, 2011
100 1 _aCustodio, Carlos
_9719
245 1 0 _aEstadística básica /
_cCarlos Custodio ; prólogo Manuel Mejía.
250 _a5ª ed.
260 _aSan Francisco de Macorís, República Dominicana :
_bEME,
_c2011.
300 _a303 p. ;
_c22 cm.
504 _aBibliografía: p. 299-303.
505 0 _tPrólogo --
_tIntroducción --
_tAspectos básicos --
_tMuestreo --
_tLos datos estadísticos: su clasificación y organización --
_tPresentación de datos estadísticos --
_tMedidas de tendencia central o de posición --
_tMedidas de dispersión --
_tMedidas de asimetría y de apuntamiento o curtosis --
_tNúmeros índices --
_tBibliografía.
590 _aInventariado,2018/DG
650 4 _aEstadística
_xEnseñanza
_9720
650 0 _aMuestreo (Estadistica)
_9721
650 4 _aEstadística
_xProblemas, ejercicios, etc.
_9722
700 1 2 _aMejía, Manuel,
_epról.
_9723
910 _aValidado. Control de calidad BNPHU
999 _c27690
_d27690